[Event "CAN-ch U14"]
[Site "Windsor"]
[Date "2016.07.08"]
[Round "7.37"]
[White "Novakovic, David"]
[Black "Ekanayake, Aneesha"]
[Result "0-1"]
[WhiteElo "939"]
[BlackElo "1150"]
[PlyCount "100"]
[EventDate "2016.07.05"]
[EventType "swiss"]
[EventRounds "7"]
[EventCountry "CAN"]
[SourceTitle "EXT 2022"]
[Source "ChessBase"]
[SourceDate "2021.10.06"]
[SourceVersion "1"]
[SourceVersionDate "2021.10.06"]
[SourceQuality "1"]

1. e4 c5 2. Nf3 g6 3. Bc4 Bg7 4. d3 Nf6 5. Nc3 0-0 6. a3 d6 7. b3 Nc6 8. Bb2 Bg4 9. 0-0 Nd4 10. Ne2 Nxf3+ 11. Kh1 Nxh2 12. Kxh2 Qd7 13. g3 Bf3 14. Qd2 Ng4+ 15. Kg1 Bxb2 16. Ra2 Bg7 17. Re1 e6 18. Qf4 Ne5 19. d4 cxd4 20. Nxd4 Nxc4 21. bxc4 e5 22. Qxf3 exd4 23. Rd1 Qa4 24. Qe2 Rac8 25. Qd3 Qxc4 26. Qxc4 Rxc4 27. Kf1 Rfc8 28. Rd2 Bh6 29. Re2 a6 30. Ke1 d3 31. Rd2 Bxd2+ 32. Kxd2 Rxc2+ 33. Rxc2 Rxc2+ 34. Kxd3 Rxf2 35. Ke3 Ra2 36. Kf4 Rxa3 37. Kg5 Rxg3+ 38. Kf4 Ra3 39. Kg4 Ra4 40. Kf4 f5 41. Kf3 fxe4+ 42. Ke3 b5 43. Kd2 b4 44. Kc2 e3 45. Kb3 Ra1 46. Kb2 Rh1 47. Kb3 e2 48. Kxb4 e1Q+ 49. Kb3 Rh3+ 50. Ka4 Rh4+ 0-1